Statistics for Countries bordering Austria (in clockwise order)

Click here to take the quiz!

General Stats

  • This quiz has been taken 31 times
  • The average score is 6 of 7

Answer Stats

country% Correct
Czechia
100%
Hungary
97%
Slovakia
97%
Switzerland
90%
Italy
87%
Liechtenstein
87%
Slovenia
87%

Score Distribution

Percentile by Number Answered

Percent of People with Each Score

Your Score History

You have not taken this quiz